000 00440nam a2200145Ia 4500
008 100122s9999 xx 000 0 und d
082 _b71611
_a823
100 _aशिरोडकर दासू
245 _aअशांत पर्व
260 _bगोमंतक मराठी अकादमी
_c2004
300 _a188
630 _aअशांत पर्व
730 _aअशांत पर्व
942 _cBOOK
999 _c442116
_d442113